Top notch 1 : English for today’s world
Top Notch 1 *Essential model conversations that make key social language unforgettable and easy to personalize *Intensive vocabulary development with active recycling *Complete grammar support--extended by a bound-in Grammar Booster *"Top Notch Interactions"--unique step-by-step discussion...
Đã lưu trong:
| 主要作者: | |
|---|---|
| 格式: | 圖書 |
| 語言: | Undetermined |
| 出版: |
White Plains, NY
Longman
2006
|
| 主題: | |
| 標簽: |
添加標簽
沒有標簽, 成為第一個標記此記錄!
|
| Thư viện lưu trữ: | Trung tâm Học liệu Trường Đại học Cần Thơ |
|---|
| LEADER | 01349nam a2200253Ia 4500 | ||
|---|---|---|---|
| 001 | CTU_194970 | ||
| 008 | 210402s9999 xx 000 0 und d | ||
| 020 | |c 160000 | ||
| 082 | |a 428.24 | ||
| 082 | |b S252/B.1 | ||
| 100 | |a Saslow, Joan M | ||
| 245 | 0 | |a Top notch 1 : | |
| 245 | 0 | |b English for today’s world | |
| 245 | 0 | |c Joan Saslow, Allen Ascher | |
| 260 | |a White Plains, NY | ||
| 260 | |b Longman | ||
| 260 | |c 2006 | ||
| 520 | |a Top Notch 1 *Essential model conversations that make key social language unforgettable and easy to personalize *Intensive vocabulary development with active recycling *Complete grammar support--extended by a bound-in Grammar Booster *"Top Notch Interactions"--unique step-by-step discussion builders that guarantee success for all learners *Thorough attention to pronunciation *A wide array of learning strategies and activities that promote critical thinking *Authentic and refreshing content that connects students to the real world | ||
| 650 | |a English language,English language,Anh ngữ,Anh ngữ | ||
| 650 | |x Problems, exercises, etc,Giáo trình dành cho người nước ngoài,Bài tập, bài giải, vv | ||
| 904 | |i Tuyến | ||
| 910 | |a Sách kèm CD có số AVA.000755, AVA.000772 | ||
| 915 | |a 400 | ||
| 980 | |a Trung tâm Học liệu Trường Đại học Cần Thơ | ||